000 00334 a2200169 4500
001 162788
020 _a
040 _cMagnum
100 _aRennó, Regina Coeli
240 1 0 _aGato de papel
_lpor
245 1 0 _aGato de papel
300 _a24
362 0 _a1992
440 1 _a
697 _aLITERATURA INFANTIL
942 _cBK
999 _c162788
_d162788